000 00896cam a22003133a 4500
001 507
003 PGUSA
005 20140828082949.0
008 060121s2006||||xxu|||||s|||||000 1 eng d
040 _aPGUSA
_beng
042 _adc
050 4 _aPR
100 1 _aEliot, George,
_d1819-1880
245 1 0 _aAdam Bede
_h[electronic resource] /
_cGeorge Eliot
260 _bProject Gutenberg,
_c2006
506 _aPublic domain in the USA.
516 _aElectronic text
653 _aLove stories
653 _aEngland -- Fiction
653 _aCarpenters -- Fiction
653 _aDidactic fiction
653 _aIllegitimate children -- Fiction
653 _aWomen clergy -- Fiction
653 _aTriangles (Interpersonal relations) -- Fiction
653 _aInfanticide -- Fiction
830 0 _aProject Gutenberg
_v507
856 4 0 _uhttp://www.gutenberg.org/ebooks/507
942 _cEB
999 _c229858
_d229858